00535nam a2200169Ia 4500003000900000008004100009020001800050040001600068080002300084100002100107245010200128260004200230300001700272650004100289650001900330700001600349IN-BaIIA211028s9999 xx 000 0 eng d a90-277-2389-3 cIIA Library a082.2:52bIAU-S115 aPeimbert, Manuel 0aStar forming regionscManuel Peimbert and Jun Jugaku  aDordrechtbD. Reidel Publishingc1987 axxvii, 745p. aAstronomy and Astrophysics thesaurus aStar formation aJugaku, Jun